000 01402cam a2200133 4500500
005 20260405085510.0
041 _afre
042 _adc
100 1 0 _aLiessmann, Konrad Paul
_eauthor
245 0 0 _aLa haine de la culture : Pourquoi les démocraties ont besoin de citoyens cultivés
260 _bArmand Colin,
_c2020.
520 _aTout le monde parle de culture, de formation, d’éducation. C’est devenu une doctrine laïque du salut permettant de résoudre tous les problèmes – de la lutte contre la pauvreté à l’intégration des migrants, du changement climatique à la lutte contre le terrorisme. Mais alors que la culture est un slogan omniprésent dans notre société, les revendications culturelles sérieuses sont ressenties comme des provocations élitistes issues d’un âge révolu. Konrad Paul Liessmann dénonce la barbarie intellectuelle engendrée par le primat de l’économie et de la technologie, particulièrement dévastateur depuis l’avènement du réseau informatique mondial. Réfléchissant au discours moralisateur du politiquement correct, qui confond instruction et compétences, il pointe un renversement des valeurs – mortel pour l’Europe et la liberté – conduisant à une véritable haine de la formation classique du citoyen.
856 4 1 _uhttps://shs.cairn.info/la-haine-de-la-culture--9782200627928?lang=fr&redirect-ssocas=7080
999 _c2198056
_d2198056